History Quiz

Random History or State Quiz

US Senators - Washington Quiz Stats

 Plays Quiz not verified by Sporcle

Challenge
Share
Tweet
Embed
Score 0/24 Timer 09:00
0 Plays Today
Years Served Senator % Correct
1953-1983Henry M. Jackson
85.7%
1993-PresentPatty Murray
85.7%
2001-PresentMaria Cantwell
82.1%
1981-1987Slade Gorton
71.4%
1989-2001Slade Gorton
71.4%
1987-1993Brock Adams
60.7%
1944-1981Warren G. Magnuson
53.6%
1983-1989Daniel J. Evans
42.9%
1909-1932Wesley L. Jones
32.1%
1911-1923Miles Poindexter
17.9%
1935-1940Lewis B. Schwellenbach
17.9%
1889-1893John B. Allen
14.3%
Years Served Senator % Correct
1895-1899John L. Wilson
14.3%
1905-1911Samuel H. Piles
14.3%
1923-1935Clarence C. Dill
14.3%
1940-1945Monrad C. Wallgren
14.3%
1945-1946Hugh B. Mitchell
14.3%
1946-1953Harry P. Cain
14.3%
1897-1903George Turner
10.7%
1899-1905Addison G. Foster
10.7%
1933-1944Homer T. Bone
10.7%
1889-1897Watson C. Squire
7.1%
1903-1909Levi Ankeny
7.1%
1932-1933Elijah S. Grammer
7.1%

You're not logged in!

Compare scores with friends on all Sporcle quizzes.
OR
Log In

You Might Also Like...

Show Comments

Extras

Top Quizzes Today


Score Distribution

Your Account Isn't Verified!

In order to create a playlist on Sporcle, you need to verify the email address you used during registration. Go to your Sporcle Settings to finish the process.

Report this User

Report this user for behavior that violates our Community Guidelines.

Details: